Biblioteca

La bolsa amarilla (Registro nro. 67715)

Detalles MARC
000 -LÍDER
Campo fijo de descripción fija 01114nam a22002537a 4500
001 - NÚMERO DE CONTROL
Campo de control BINCO
003 - IDENTIFICADOR DEL NÚMERO DE CONTROL
Campo de control CO-MdBIC
005 - FECHA Y HORA DE LA ULTIMA TRANSACCIÓN
control field 20220409131522.0
008 - ELEMENTOS DE LONGITUD FIJA -- INFORMACIÓN GENERAL
Campo fijo de descripción fija -- Información general 220409b1997 ck a|||| |||| 00| 0 spa d
020 ## - NÚMERO INTERNACIONAL NORMALIZADO PARA LIBROS
Número Internacional Normalizado del libro 9789580441489
040 ## - FUENTE DE CATALOGACIÓN
Agencia de catalogación original CO-MdBIC
Idioma de catalogación spa.
Agencia que realiza la transcripción CO-MdBIC
Agencia que realiza la modificación CO-MdBIC
041 ## - CÓDIGO DE IDIOMA
Código de idioma para texto/pista de sonido o título separado spa
082 ## - NÚMERO DE CLASIFICACIÓN DECIMAL DEWEY
Número de la edición del Dewey 22
Número de clasificación 869.34
Clave de autor-Numero de item N972
100 ## - ASIENTO PRINCIPAL--NOMBRE PERSONAL
Nombre personal Nunes, Lygia Bojunga,
Fechas asociadas con el nombre 1932
245 ## - TÍTULO
Título del Material La bolsa amarilla
Mención de responsabilidad, etc. Nunes, Lygia Bojunga, escritora
Fechas incluidas 1932
260 1# - PUBLICACIÓN, DISTRIBUCIÓN, ETC. (PIE DE IMPRENTA)
Lugar de publicación, distribución, etc. Bogotá, Colombia:
Nombre del editor, distribuidor, etc. Norma
Fecha de publicación, distribución, etc. [1997]
260 ## - PUBLICACIÓN, DISTRIBUCIÓN, ETC. (PIE DE IMPRENTA)
Lugar de publicación, distribución, etc. ©1997
300 ## - DESCRIPCIÓN FÍSICA
Extensión 147 paginas;
Otros detalles físicos ilustraciones a blanco y negro:
Dimensiones 20 cm.
500 ## - NOTA GENERAL
Nota General En una gran bolsa amarilla, herencia de la tía, Raquel guarda tres deseos: el de ser grande, el de ser niño y el de ser escritora. Pero a la bolsa llegan otros habitantes: el gallo, rey, que prefiere llamarse Alfonso, el gancho de pañal, la paragüas. Todo el universo de Raquel se concentra en su bolsa amarilla donde se tejen y culminan emocionantes historias.
650 #7 - ASIENTO SECUNDARIO DE MATERIA - TERMINO TEMÁTICO
9 (RLIN) 100
Término temático o nombre geográfico como elemento de entrada Educación infantil
700 ## - ASIENTO SECUNDARIO - NOMBRE PERSONAL
Nombre personal Vallejo, Esperanza ‎
Responsabilidad ilustradora
700 ## - ASIENTO SECUNDARIO - NOMBRE PERSONAL
Nombre personal Obregón, Elkin
Responsabilidad traductor
942 ## - TIPO DE MATERIAL (KOHA)
Tipo de Item KOHA Z- Libro General BINCO
Existencias
Estado de Material Estado de Perdido Forma de Clasificación Estado de Dañado No para Préstamo Biblioteca de Origen Biblioteca Permanente Fecha de Adquisición Total de Préstamos Signatura Topográfica Código de Barras Última vez visto Ejemplar/Existencia Fecha de Remplazo Tipo de Material
    Dewey Decimal Classification     Biblioteca Infantil Comunitaria BINCO Biblioteca Infantil Comunitaria BINCO 09/04/2022   869.34 N972 B32114 09/04/2022 ej.1 09/04/2022 Z- Libro General BINCO

Biblioteca FUSBC | Teléfono: (57+4) 349 88 10 Ext. 141| WhatsApp (+57) 3005338115 
E-mail: biblioteca@unisbc.edu.co | Calle 76 87-14 Robledo Palenque, Medellín, Colombia

Con tecnología Koha